| 000 | 00728nam a2200181 i 4500 | ||
|---|---|---|---|
| 001 | 57886 | ||
| 003 | ES-MaACL | ||
| 005 | 20230906163655.0 | ||
| 007 | t| | ||
| 008 | 031020s1975 sp ||||1| spa d | ||
| 100 | 1 |
_aDou, Alberto. _945470 |
|
| 245 | 1 | 0 |
_aConmemoración de la Fiesta Nacional del Libro Español / _ccomentario a la "Combinatoria de Sebastián Izquierdo" de Ramón Ceñal por Alberto Dou Mas de Xexas ; algunas consideraciones sobre el libro manuscrito por Agustín Millares Carlo. |
| 260 |
_a[Madrid] : _bInstituto de España, _c[1975] |
||
| 300 |
_a49 p. : _bil. ; _c23 cm. |
||
| 700 | 1 |
_aMillares Carlo, Agustín, _d1893-1980 _981176 |
|
| 852 |
_aES-MaACL _j2100-F-1 _bR.93108 |
||
| 999 |
_c57886 _d57886 |
||